000 00620nam a2200193Ia 4500
005 20220908145518.0
008 131103s9999 xx 000 0 und d
020 _a817201287X
_cRs 30
040 _aLoreto College
041 _aEnglish
082 _a801.92
_bMIS
245 _aCreativity and environment
_b (Selected papers by creative writers presented at a National Seminar of the Sahitya Akademi) February 1985
_cEdited by Vidya Niwas Misra
260 _aNew Delhi
_bSahitya Akademi
_c1992
300 _a115p
650 _aCreative Writing
700 _aMisra,Vidya Niwas
_4ed.
850 _aLCLIB
942 _cBK
999 _c36258
_d86737